000 00809nas a2200265 4500
001 BR0905464
003 BR-BrBNA
005 20231205113656.0
007 ta
008 230509b bl.|||p| |||| 00| 00por d
040 _aBR-BrBNA
_bpor
_cBiblioteca Nacional de Agricultura
041 _a(Pt)
072 _aH10
100 1 _aBleicher, E.
100 1 _aGonçalves, M. E. de C.
100 1 _aSilva, L.D. da
245 1 _aEfeito de derivados de nim aplicados por pulverização sobre a mosca-branca em meloeiro
650 _aINSETICIDA
650 _aMOSCA BRANCA
650 _aCONTROLE QUÍMICO
650 _aMELÃO
773 0 _tHorticultura Brasileira (Brazil)
_xISSN 0102-0536
_g(Jan-Mar 2007), v. 25(1) p. 110-113
_wBR0905464
909 _a202311
_bLúcia
_c55
_dLúcia Elande
942 _2AGRIS
_n0
_cANA
999 _c205009
_d205009